000 00636nam a2200193Ia 4500
003 GCL
008 140319s9999 xx 000 0 ara d
040 _aGCL /
_cGCL
082 0 4 _a330.122
_bم ت
100 1 _aمدحت حسين
245 1 0 _aالتخصيصية:لسياسة العربية نشاتها دواعيها والاهداف المرجوة منها /
_cمدحت حسين
260 _a[S.N] :
_bدار سعاد الصباح ،
_c1993
300 _a111 ص
490 _a
650 0 4 _aالعالم العربى
650 0 4 _aالاحوال الاقتصادية
650 0 4 _aالاقتصاد الحر
942 _2ddc
_cBK
999 _c34428
_d34428